Población y salud en Mesoamérica /

El presente estudio analiza la Encuesta Nacional de Hogares para medir la emigración internacional de guatelmatecos de la Organización Internacional para las Migraciones (OIM), la cual interrelaciona a todos los elementos que intervienen y explican las causas y las consecuencias del fenómeno migrato...

Πλήρης περιγραφή

Αποθηκεύτηκε σε:
Λεπτομέρειες βιβλιογραφικής εγγραφής
Κύριος συγγραφέας: Chinchilla Arley, Ricardo
Συγγραφή απο Οργανισμό/Αρχή: Universidad de Costa Rica. Centro Centroaméricana de Población
Άλλοι συγγραφείς: ed
Μορφή: Κείμενο
Έκδοση: San José: Centro Centroamericano de Población. CCP
Θέματα:
Ετικέτες: Προσθήκη ετικέτας
Δεν υπάρχουν, Καταχωρήστε ετικέτα πρώτοι!

MARC

LEADER 00000 a a2200000 04500
001 32239
003
040
020 |a 9977-15-132-6  
090 |a 201412  
100 |a Chinchilla Arley, Ricardo  
110 |a Universidad de Costa Rica. Centro Centroaméricana de Población  
245 |a Población y salud en Mesoamérica /  |c Ricardo Chinchilla Arley 
260 |a San José:   |b Centro Centroamericano de Población. CCP  
300 |a 538 p.   |b map.  
520 |a El presente estudio analiza la Encuesta Nacional de Hogares para medir la emigración internacional de guatelmatecos de la Organización Internacional para las Migraciones (OIM), la cual interrelaciona a todos los elementos que intervienen y explican las causas y las consecuencias del fenómeno migratorio en Guatemala  
650 |a EMIGRACION  
650 |a CONDICIONES SOCIALES  
650 |a CONDICIONES ECONOMICAS  
650 |a FAMILIA  
650 |a RESULTADOS DE INVESTIGACION  
650 |a POBLACION  
650 |a EMIGRACION  
650 |a FAMILIA  
700 |a ed  
999 |c 14646  |d 14646